000
00340 a2200157 4500
001
63840
020
_a
9788587826312
040
_c
Anchieta - Pituba
100
_a
Lyra, Itaberaba
240
1
0
_a
Já dizia minha avó...
_l
por
245
1
0
_a
Já dizia minha avó...
300
_a
174
362
0
_a
20103
650
4
_a
Folclore
942
_c
BK
999
_c
63840
_d
63840